| 000 | 00445nam a2200169 a 4500 | ||
|---|---|---|---|
| 001 | 3512 | ||
| 003 | CDMR | ||
| 005 | 20130321173655.0 | ||
| 008 | 130130s1995||||||||||||||||||||||||||||d | ||
| 020 | _a8481120472 | ||
| 040 |
_aCDMR _bcat _cCDMR |
||
| 245 | 0 | 0 |
_aTelecomunicaciones 1995 _b: tendencias : el horizonte de 1998 |
| 260 |
_aMadrid _c1995 _bFundesco |
||
| 490 | 0 | _aInformes anuales de Fundesco | |
| 710 | 2 |
_9385 _aFUNDESCO |
|
| 942 |
_cMON _2udc |
||
| 999 |
_c3512 _d3512 |
||